00629nam a2200193Ia 4500008004100000020001800041082001400059100001600073245005300089250000700142260004000149300002300189500001900212600003300231650001500264942000700279952013200286999001700418240925s9999 xx 000 0 und d a9788184006407 a158.1 SET aSeth, Suhel 0aGet to the Top: the ten rules for social success aNA aUnited States:bEbury Pressc,2014. a370p.b0fOriginal aIncludes Index aHumanities & Natural Science aPsychology cBK 001040708HUMaUITUbUITUd2019-01-31eAllied Book Companyg665.60l0o158.1 SETpQ14329r2024-09-25 07:17:16w2024-09-25yBK c16828d16828